000 00610nam a2200217Ia 4500
003 OSt
005 20230508152429.0
008 210210b2000 xxu||||| |||| 00| 0 eng d
020 _a0 943088 39 9
040 _cAL
041 _aeng
082 _a574.192
_223
_bBUCB
100 _aBUCHANAN (Bob B) and Others.
_964112
245 _aBiochemistry and molecular biology of plants.
260 _aMaryland
_bAmerican society of physiologists
_c2000
300 _axxxix,1367
650 _aBiochemistry molecular plants biology
_964113
690 _aBiochemistry
_964114
906 _aSG03899
942 _2ddc
_cBK
999 _c114622
_d114622